[Event "Astana Zhuldyzdary Open A"]
[Site "Astana KAZ"]
[Date "2023.07.16"]
[Round "8.39"]
[White "Voinikonis, Nikita"]
[Black "Kaliakhmet, Elnaz"]
[Result "1-0"]
[WhiteTitle "FM"]
[BlackTitle "WFM"]
[WhiteElo "2133"]
[BlackElo "1818"]
[WhiteFideId "34187500"]
[BlackFideId "13730169"]
[EventDate "2023.07.11"]

1. Nf3 Nf6 2. c4 c5 3. d4 cxd4 4. Nxd4 Nc6 5. e3 a6 6. Be2 e5 7. Nxc6 dxc6 8.
Qc2 Be7 9. O-O O-O 10. Rd1 Qc7 11. a3 Be6 12. Nc3 a5 13. Bd2 Nd7 14. Rac1 f5 15.
Na4 b6 16. c5 Bxc5 17. Nxc5 Nxc5 18. b4 Ne4 19. bxa5 bxa5 20. Be1 Rfc8 21. Bf3
a4 22. Bxe4 Bb3 23. Qxc6 Qxc6 24. Bxc6 Rxc6 25. Rxc6 Bxd1 26. Bc3 Rb8 27. Bxe5
Rb7 28. h3 Kf7 29. Ra6 Rd7 30. Kh2 Re7 31. Bd4 Bb3 32. Kg3 Re6 33. Ra7+ Re7 34.
Rxe7+ Kxe7 35. Bxg7 Kf7 36. Bc3 Bd5 37. f3 Bc4 38. Kf4 Bf1 39. Kxf5 Bxg2 40. Kg4
Ke6 41. Kg3 Bf1 42. e4 Bd3 43. Kf2 Bc4 44. Ke3 Bf1 45. h4 Bg2 46. f4 Bf1 47. f5+
Ke7 48. Kf4 Bh3 49. Bb4+ Kf7 50. Ke5 Bg2 51. Kf4 Ke8 52. e5 Kf7 53. e6+ Kf6 54.
Bc3+ Ke7 55. Ke5 Bh3 56. f6+ Kf8 57. Bb4+ Ke8 58. f7+ 1-0

[Event "Astana Zhuldyzdary Open A"]
[Site "Astana KAZ"]
[Date "2023.07.16"]
[Round "8.40"]
[White "Lupolov, Boris"]
[Black "Zvereva, Margarita"]
[Result "1/2-1/2"]
[BlackTitle "WFM"]
[WhiteElo "2121"]
[BlackElo "1857"]
[WhiteFideId "44130457"]
[BlackFideId "34177741"]
[EventDate "2023.07.11"]

1. e4 c5 2. Nf3 d6 3. d4 cxd4 4. Nxd4 Nf6 5. f3 Nc6 6. c4 e6 7. Nc3 Be7 8. Be3
O-O 9. Be2 d5 10. Nxc6 bxc6 11. cxd5 cxd5 12. exd5 Nxd5 13. Nxd5 exd5 14. O-O
Bf6 15. Bd4 Rb8 16. b3 Re8 17. Rf2 Rb4 18. Bxf6 Qxf6 19. Rc1 Rd4 20. Qc2 Bf5 21.
Qc3 h6 22. Bf1 Qb6 23. Qc5 Qxc5 24. Rxc5 Rd1 25. g4 Bd3 26. Kg2 Bxf1+ 27. Rxf1
Re2+ 28. Rf2 Rxf2+ 29. Kxf2 Rd2+ 30. Kg3 Rxa2 1/2-1/2

[Event "Astana Zhuldyzdary Open A"]
[Site "Astana KAZ"]
[Date "2023.07.16"]
[Round "8.41"]
[White "Dumanuly, Sultanbeibarys"]
[Black "Irgaliyev, Alikhan"]
[Result "1-0"]
[WhiteElo "1833"]
[BlackElo "2082"]
[WhiteFideId "13731963"]
[BlackFideId "13705610"]
[EventDate "2023.07.11"]

1. e4 c5 2. Nf3 e6 3. d4 cxd4 4. Nxd4 Nf6 5. Nc3 Nc6 6. Ndb5 Bc5 7. Bf4 e5 8.
Bg5 a6 9. Nd6+ Ke7 10. Bxf6+ gxf6 11. Nf5+ Ke8 12. Qh5 Nd4 13. Ng7+ Ke7 14.
O-O-O Qf8 15. Qh6 Kd8 16. Qxf6+ Kc7 17. Nd5+ Kb8 18. c3 Nc6 19. Nf5 d6 20. Bc4
Rg8 21. Nfe7 Rxg2 22. b4 Nxe7 23. bxc5 Nxd5 24. Bxd5 Rg6 25. Qxf7 Qh6+ 26. Rd2
dxc5 27. Qe7 Qf4 28. Qxc5 a5 29. Kc2 Raa6 30. Rb1 Rgd6 31. Rd3 Qf6 32. Rg3 Rd8
33. f3 h5 34. Qb5 Rad6 35. Rbg1 b6 36. Rg7 Qxf3 37. Rf7 Qe3 38. Rgg7 Rxd5 39.
exd5 Rd6 40. Rf8 Qe4+ 41. Kb2 Qxd5 42. Qxd5 Rxd5 43. Rgg8 Rc5 44. Rh8 1-0

[Event "Astana Zhuldyzdary Open A"]
[Site "Astana KAZ"]
[Date "2023.07.16"]
[Round "8.42"]
[White "Kuderinov, Kirill"]
[Black "Goganova, Yana"]
[Result "1-0"]
[WhiteTitle "IM"]
[BlackTitle "WFM"]
[WhiteElo "2386"]
[BlackElo "1958"]
[WhiteFideId "13701568"]
[BlackFideId "34115428"]
[EventDate "2023.07.11"]

1. e4 c6 2. d4 d5 3. e5 c5 4. Nf3 Nc6 5. c4 cxd4 6. cxd5 Qxd5 7. Nc3 Qa5 8. Nxd4
Qxe5+ 9. Be3 Nf6 10. Nxc6 bxc6 11. Qa4 Bd7 12. Ba6 Ng4 13. O-O-O Nxe3 14. Rxd7
Kxd7 15. Bb7 Qc5 16. Bxa8 Nd5 17. Rd1 e6 18. Rd4 Bd6 19. Rc4 Nxc3 20. Rxc3 Qxc3+
21. bxc3 Rxa8 22. Qa6 Kc7 23. Qa5+ Kd7 24. Qh5 Ke7 25. Qxh7 Kf6 26. Qe4 Rb8 27.
Kc2 Rb6 28. a4 Ke7 29. h4 f5 30. Qe3 f4 31. Qd4 e5 32. Qe4 Ke6 33. Qg6+ Kd5 34.
Kd3 Rb2 35. Qf7+ Kc5 36. Qxa7+ Kd5 37. c4+ Ke6 38. Qxg7 Rxf2 39. Qg6+ Kd7 40. h5 1-0

[Event "Astana Zhuldyzdary Open A"]
[Site "Astana KAZ"]
[Date "2023.07.16"]
[Round "8.43"]
[White "Danielyan, Vahe"]
[Black "Amangeldy, Ernur"]
[Result "1-0"]
[WhiteTitle "IM"]
[WhiteElo "2346"]
[BlackElo "1932"]
[WhiteFideId "13304828"]
[BlackFideId "13720244"]
[EventDate "2023.07.11"]

1. e4 c5 2. Nf3 Nc6 3. Bb5 e6 4. O-O Nge7 5. d4 cxd4 6. Nxd4 Qb6 7. Nxc6 dxc6 8.
Bd3 Ng6 9. Qh5 Qc5 10. e5 Nxe5 11. Be3 Qa5 12. Bd4 Nc4 13. Qe2 Nd6 14. Nd2 Qd5
15. Nf3 c5 16. c4 Qh5 17. Be5 Bd7 18. Rfd1 Bc6 19. Bc2 O-O-O 20. Rd3 Be7 21. Ra3
a6 22. Ba4 Bxa4 23. Rxa4 Bf6 24. Qe3 b6 25. Rxa6 Bxe5 26. Nxe5 Nxc4 27. Ra8+ Kc7
28. Ra7+ Kc8 29. Qb3 Nxe5 30. Qa4 Qe2 31. b4 Rd2 32. Rf1 Rxa2 33. Qxa2 Qxa2 34.
Rxa2 Kb7 35. b5 Ra8 36. Rxa8 Kxa8 37. Rd1 g5 38. Kf1 Kb7 39. Rd8 Kc7 40. Rh8 c4
41. Rxh7 Kd6 42. Rh8 Kc5 43. Rc8+ Kxb5 44. f4 gxf4 45. h4 Ng4 46. h5 Kb4 47. Ke2
f5 48. Rc6 b5 49. Rxe6 Kc3 50. h6 Nxh6 51. Rxh6 b4 52. Rc6 b3 53. Kd1 Kd3 54.
Rb6 Ke3 55. Rb4 Kd3 56. Rb5 f3 57. Rxf5 fxg2 58. Rf3+ Kd4 59. Rg3 c3 60. Rxg2
Kd3 61. Rg4 b2 62. Rg3+ 1-0

[Event "Astana Zhuldyzdary Open A"]
[Site "Astana KAZ"]
[Date "2023.07.16"]
[Round "8.44"]
[White "Khamdamova, Afruza"]
[Black "Nauryzgaliev, Amangeldy"]
[Result "1-0"]
[WhiteTitle "WFM"]
[WhiteElo "2222"]
[BlackElo "1894"]
[WhiteFideId "14210444"]
[BlackFideId "13707434"]
[EventDate "2023.07.11"]

1. e4 c5 2. Nf3 e6 3. d4 cxd4 4. Nxd4 Nf6 5. Nc3 d6 6. Be2 a6 7. O-O Qc7 8. f4
Be7 9. Be3 Nc6 10. Kh1 Nxd4 11. Bxd4 e5 12. Be3 Be6 13. f5 Bc4 14. Bg5 Bxe2 15.
Qxe2 Rc8 16. Rad1 h6 17. Bxf6 gxf6 18. Rf3 Qc4 19. Rfd3 b5 20. a3 a5 21. b3 Qc5
22. Qg4 b4 23. axb4 axb4 24. Nd5 Qxc2 25. Nxb4 Qb2 26. Nd5 Rc1 27. h3 Rxd1+ 28.
Qxd1 Rg8 29. Rd2 Qa3 30. Rc2 Bd8 31. Rc8 Rg3 32. Qc2 1-0

[Event "Astana Zhuldyzdary Open A"]
[Site "Astana KAZ"]
[Date "2023.07.16"]
[Round "8.45"]
[White "Erserik, Adlet"]
[Black "Balmagambetov, Timur"]
[Result "0-1"]
[WhiteElo "1992"]
[BlackElo "2143"]
[WhiteFideId "13709658"]
[BlackFideId "13730258"]
[EventDate "2023.07.11"]

1. d4 f5 2. c4 Nf6 3. g3 g6 4. Bg2 Bg7 5. Nf3 O-O 6. Nc3 d6 7. O-O c6 8. Rb1 a5
9. Qb3 Na6 10. Rd1 Kh8 11. c5 Ne4 12. Na4 Nc7 13. Nb6 Be6 14. Qa4 Ra7 15. Ng5 d5
16. f3 Nxg5 17. Bxg5 Bg8 18. Be3 Ne6 19. f4 g5 20. Rf1 gxf4 21. gxf4 Bf7 22. Kh1
Qe8 23. Qd1 Bf6 24. Qd2 Ng7 25. Bf2 Bh5 26. a4 Bg4 27. e3 Rg8 28. Bg3 Ne6 29.
Kg1 Nf8 30. Kf2 e6 31. Ke1 Ng6 32. Qf2 Ra6 33. b4 axb4 34. Rxb4 Bd8 35. Qc2 Nh4
36. Bh1 Qh5 37. Kd2 Qe8 38. Kc3 Ng6 39. Kb3 Bf6 40. Bf3 Bxf3 41. Rxf3 Rg7 42.
Rf1 Nf8 43. Qg2 Rg4 44. Qh3 Kg7 45. Bf2 h5 46. Qf3 Kh6 47. h3 Rg7 48. Qh1 Ng6
49. Rg1 Qb8 50. Qf3 Bd8 51. Rg2 Bf6 52. Rg1 Qe8 53. Ka3 Rg8 54. Rg2 Qf7 55. Rb1
Qe7 56. Kb3 Rxb6+ 57. cxb6 c5 58. Rbg1 c4+ 59. Kc2 Qa3 60. Rg5 Bxg5 61. Rxg5 Kg7
62. Qxh5 Kf7 63. Bh4 Qd3+ 64. Kc1 Qxe3+ 65. Kb1 Qe4+ 66. Ka2 Qc2+ 67. Ka1 c3 0-1

[Event "Astana Zhuldyzdary Open A"]
[Site "Astana KAZ"]
[Date "2023.07.16"]
[Round "8.46"]
[White "Tleukhanov, Yerlan"]
[Black "Mazhkenov, Alisher"]
[Result "0-1"]
[WhiteElo "1853"]
[BlackElo "2119"]
[WhiteFideId "13749692"]
[BlackFideId "13718983"]
[EventDate "2023.07.11"]

1. e4 c5 2. Nf3 d6 3. d4 cxd4 4. Nxd4 Nf6 5. Nc3 a6 6. Bg5 e6 7. f4 Qb6 8. Qd2
Qxb2 9. Rb1 Qa3 10. e5 dxe5 11. fxe5 Nfd7 12. Ne4 h6 13. Bh4 Qxa2 14. Rd1 Qd5
15. Qe3 Qa5+ 16. c3 Bc5 17. Be2 O-O 18. O-O Nc6 19. Kh1 Ncxe5 20. Qh3 Ng6 21.
Nb3 Qa4 22. Nd4 Qa5 23. Bg3 Be7 24. Bd6 Bxd6 25. Nxd6 Nde5 26. Qe3 Bd7 27. h4 f6
28. Qg3 Qc7 29. Nf3 Bc6 30. h5 Nxf3 31. gxf3 Ne5 32. Rg1 Rad8 33. Kh2 g5 34.
hxg6 Rxd6 35. f4 Rxd1 36. Bxd1 Kg7 37. Bc2 Nf3+ 0-1

[Event "Astana Zhuldyzdary Open A"]
[Site "Astana KAZ"]
[Date "2023.07.16"]
[Round "8.47"]
[White "Ulkhanov, Azamat"]
[Black "Kanaev, Ardak"]
[Result "1-0"]
[WhiteElo "2064"]
[BlackElo "1865"]
[WhiteFideId "13700235"]
[BlackFideId "13701533"]
[EventDate "2023.07.11"]

1. e4 c5 2. Nf3 Nc6 3. Bb5 e5 4. O-O Bd6 5. c3 a6 6. Bc4 b5 7. Bd5 Nge7 8. d4
cxd4 9. cxd4 exd4 10. Nxd4 O-O 11. Bb3 Nxd4 12. Qxd4 Qc7 13. h3 Ng6 14. Nc3 Bh2+
15. Kh1 Be5 16. Qd3 Bxc3 17. bxc3 Bb7 18. Ba3 Rfe8 19. f3 Rac8 20. Qd4 Bc6 21.
Bd6 Qd8 22. Kh2 Qf6 23. Qxf6 gxf6 24. Bg3 Ne5 25. Rfd1 Nc4 26. Rd4 Na5 27. Rd6
Nxb3 28. axb3 Ra8 29. b4 Re6 30. Rd4 Kg7 31. Bd6 h5 32. Kg3 Kg6 33. Kf4 Ree8 34.
Bc5 Re5 35. Bd6 Ree8 36. Rd2 Rh8 37. Rg1 Rh6 38. Bc7 Kh7 39. g3 Rc8 40. Bb6 Rg6
41. Ra1 Rcg8 42. Bf2 Ra8 43. Rda2 Bb7 44. Rd2 Bc6 45. Be3 Rag8 46. g4 hxg4 47.
hxg4 Rh6 48. Kg3 Rhg6 49. Rxa6 Re8 50. Bf4 Rgg8 51. Ra1 Kg7 52. Rh1 Rh8 53. Rxh8
Rxh8 54. Be3 Re8 55. Kf4 Kg6 56. Rd6 Re6 57. Bc5 Kg7 58. Rd1 Re8 59. Bf2 Kg6 60.
Bg3 Re6 61. Rd2 Re8 62. Rd6 Kg7 63. Ke3 Ra8 64. Bh4 f5 65. gxf5 Ra2 66. Bf6+ Kf8
67. Rd1 Rh2 68. Rg1 d5 69. exd5 Bd7 70. Ra1 1-0

[Event "Astana Zhuldyzdary Open A"]
[Site "Astana KAZ"]
[Date "2023.07.16"]
[Round "8.48"]
[White "Karibayev, Dimash"]
[Black "Maevsky, Nikolay"]
[Result "1/2-1/2"]
[BlackTitle "FM"]
[WhiteElo "1876"]
[BlackElo "2277"]
[WhiteFideId "13720333"]
[BlackFideId "4198220"]
[EventDate "2023.07.11"]

1. e4 c6 2. d4 d5 3. f3 dxe4 4. fxe4 e5 5. Nf3 Bg4 6. Bc4 Nd7 7. O-O Ngf6 8. Be3
Bd6 9. Nbd2 O-O 10. c3 Qc7 11. Qc2 b5 12. Bd3 a6 13. a4 Rab8 14. axb5 axb5 15.
b3 Rfe8 16. Ra6 Bh5 17. Kh1 Bg6 18. Bg1 Ra8 19. Rfa1 Rxa6 20. Rxa6 Qb7 21. Ra5
Bc7 22. Ra1 Ra8 23. Rxa8+ Qxa8 24. Nxe5 Nxe5 25. dxe5 Bxe5 26. Nf3 Qe8 27. c4
bxc4 28. Qxc4 Bc7 29. Nd4 Nxe4 30. Qxc6 Qxc6 31. Nxc6 Ng3+ 32. hxg3 Bxd3 33. Bf2
f5 34. Kh2 Kf7 35. Bd4 Be4 36. Ne5+ Kf8 37. b4 g5 38. b5 Ke8 39. Nf3 Bd8 40. b6
Kd7 41. Be3 Bxf3 42. gxf3 Kc6 43. Kg2 h6 44. Bd4 Bxb6 45. Bg7 h5 46. g4 fxg4 47.
fxg4 h4 48. Kh3 1/2-1/2

[Event "Astana Zhuldyzdary Open A"]
[Site "Astana KAZ"]
[Date "2023.07.16"]
[Round "8.49"]
[White "Sovetbekova, Nurai"]
[Black "Temirov, Bakhyt"]
[Result "0-1"]
[WhiteTitle "WFM"]
[BlackTitle "FM"]
[WhiteElo "1823"]
[BlackElo "2166"]
[WhiteFideId "13801910"]
[BlackFideId "13704745"]
[EventDate "2023.07.11"]

1. d4 d6 2. Nf3 Bg4 3. e4 Nf6 4. Nc3 c6 5. Be3 Nbd7 6. Be2 e5 7. O-O Be7 8. Ne1
Bxe2 9. Qxe2 O-O 10. a4 Re8 11. f3 Nf8 12. Nd3 Ng6 13. Qf2 b6 14. Rad1 Qc8 15.
Ne2 Bf8 16. Ng3 Qa6 17. b3 Rad8 18. Bg5 Be7 19. Nf5 Qb7 20. Nxe7+ Qxe7 21. Nb4
Qb7 22. Bxf6 gxf6 23. c3 a5 24. Nc2 d5 25. exd5 cxd5 26. Ne3 b5 27. Ng4 Re6 28.
Qe2 bxa4 29. bxa4 Kg7 30. Qd2 Qc6 31. Ne3 Ne7 32. f4 exd4 33. cxd4 f5 34. Qd3
Re4 35. Qa3 Rd6 36. Rf3 Rg6 37. Nf1 Qc2 38. Rd2 Qb1 39. Qd3 Rb6 40. Qxb1 Rxb1
41. Kf2 Rb4 42. Ng3 Rexd4 43. Rxd4 Rxd4 44. Re3 Rxf4+ 45. Ke2 Kf8 46. Ra3 Rb4
47. Kd3 f4 48. Nh5 Nc6 49. Nf6 Ne5+ 50. Kc2 d4 51. Nxh7+ Kg7 52. Ng5 d3+ 53. Kc3
Rc4+ 54. Kd2 Rc2+ 55. Kd1 Rxg2 0-1

[Event "Astana Zhuldyzdary Open A"]
[Site "Astana KAZ"]
[Date "2023.07.16"]
[Round "8.50"]
[White "Kolosovskiy, Anton"]
[Black "Akhilbay, Imangali"]
[Result "0-1"]
[WhiteElo "1933"]
[BlackElo "2049"]
[WhiteFideId "13705571"]
[BlackFideId "13734857"]
[EventDate "2023.07.11"]

1. c4 Nf6 2. Nc3 g6 3. Nf3 Bg7 4. d4 O-O 5. Bg5 d6 6. e3 h6 7. Bh4 c5 8. d5 g5
9. Bg3 Nh5 10. Qc2 f5 11. Bd3 Na6 12. a3 Bd7 13. Nd2 Rb8 14. f3 Nxg3 15. hxg3
Nc7 16. g4 fxg4 17. O-O-O b5 18. Rh5 b4 19. axb4 cxb4 20. Bh7+ Kh8 21. Nce4 b3
22. Qd3 Na6 23. Rdh1 Qa5 24. Qb1 Qa2 25. Nxg5 Rf6 26. Nde4 Qxb1+ 27. Kxb1 gxf3
28. Nxf6 exf6 29. Bg6 fxg5 30. gxf3 Rf8 31. Rxg5 Rxf3 32. Rg2 Rxe3 33. Rhg1 Re7
34. Bh5 Bf5+ 35. Kc1 Nc5 36. Bd1 Bd4 0-1

[Event "Astana Zhuldyzdary Open A"]
[Site "Astana KAZ"]
[Date "2023.07.16"]
[Round "8.51"]
[White "Mukhametkali, Merey"]
[Black "Volchkova, Alena"]
[Result "1-0"]
[WhiteElo "1923"]
[BlackElo "1824"]
[WhiteFideId "13727389"]
[BlackFideId "54104408"]
[EventDate "2023.07.11"]

1. e4 c5 2. Nf3 d6 3. d4 cxd4 4. Nxd4 Nf6 5. Nc3 g6 6. Be2 Bg7 7. Be3 O-O 8. Qd2
Nc6 9. O-O-O d5 10. exd5 Nxd5 11. Nxc6 bxc6 12. Nxd5 cxd5 13. Qxd5 Qc7 14. Qc5
Qb7 15. Bd4 Bf5 16. Bf3 Qa6 17. Bxa8 Rc8 18. Bxg7 Rxc5 19. Bc3 Rc8 20. Bd5 Qb6
21. Rd2 Be6 22. Bxe6 Qxe6 23. Rhd1 f6 24. Kb1 Qb6 25. Ka1 a5 26. g3 Kf7 27. f4
a4 28. a3 Rc4 29. Re2 Qc6 30. Rde1 e6 31. Re3 Rc5 32. Kb1 Rd5 33. Kc1 Rd6 34.
Bb4 Rd7 35. Bc3 Qc4 36. Kb1 Rd8 37. Bb4 Rd7 38. Bc3 h6 39. h4 h5 40. Bb4 Qc6 41.
Bc3 Qa6 42. Bb4 Qb6 43. Kc1 Qc6 44. Bc3 Rd5 45. Kb1 Rc5 46. Kc1 Qd5 47. Kb1 Rc7
48. Rd3 Qb5 49. Red1 Qb7 50. R1d2 Qh1+ 51. Ka2 Qc6 52. Bb4 e5 53. fxe5 Qe6+ 54.
Kb1 Qxe5 55. Bd6 Qe1+ 56. Rd1 Qe4 57. Bxc7 g5 58. hxg5 fxg5 59. Rf1+ Ke6 60. Ba5
Qg2 61. Re3+ Kd5 62. Rd1+ Kc5 63. Bb4+ Kb5 64. Re5+ Kc6 65. Rd6+ Kc7 66. Rf6 1-0

[Event "Astana Zhuldyzdary Open A"]
[Site "Astana KAZ"]
[Date "2023.07.17"]
[Round "9.1"]
[White "Niemann, Hans Moke"]
[Black "Aditya, Mittal"]
[Result "0-1"]
[WhiteTitle "GM"]
[BlackTitle "GM"]
[WhiteElo "2674"]
[BlackElo "2563"]
[WhiteFideId "2093596"]
[BlackFideId "35042025"]
[EventDate "2023.07.11"]

1. c4 e5 2. Nc3 Nf6 3. Nf3 Nc6 4. g3 d5 5. cxd5 Nxd5 6. Bg2 Bc5 7. O-O O-O 8. d3
h6 9. a3 a5 10. Nxd5 Qxd5 11. Bd2 Qe6 12. Qc2 Bb6 13. e3 Rd8 14. Bc3 Qd6 15.
Rfd1 Bf5 16. Qa4 Qe6 17. Ne1 Bg4 18. Rd2 Bh3 19. Bh1 Qf6 20. Re2 h5 21. Be4 Bg4
22. Rc2 Bh3 23. Nf3 Bg4 24. Kg2 Bd7 25. Qc4 Re8 26. h4 Be6 27. Qb5 Bd7 28. Ng5
Rad8 29. Qc4 Bf5 30. b4 axb4 31. axb4 Na7 32. Rf1 Nc8 33. Bxf5 Qxf5 34. e4 Qd7
35. Qb3 Re7 36. Rd2 Nd6 37. Nf3 Qe8 38. Ng5 Nb5 39. Bb2 Qd7 40. Rdd1 Bd4 41. f4
Bxb2 42. Qxb2 f6 43. Nh3 Ra8 44. fxe5 Rxe5 45. Nf4 Kh7 46. Rc1 c6 47. Rc5 Rxc5
48. bxc5 Qd4 49. Qxd4 Nxd4 50. Rb1 Ra2+ 51. Kh3 Kh6 52. Rxb7 g5 53. Nxh5 Kxh5
54. g4+ Kh6 55. h5 Rf2 56. Rd7 Ne6 57. d4 Rf3+ 58. Kg2 Rf4 59. d5 cxd5 60. c6
Rxg4+ 61. Kf2 0-1

[Event "Astana Zhuldyzdary Open A"]
[Site "Astana KAZ"]
[Date "2023.07.17"]
[Round "9.2"]
[White "Moiseenko, Alexander"]
[Black "Sivuk, Vitaly"]
[Result "1-0"]
[WhiteTitle "GM"]
[BlackTitle "GM"]
[WhiteElo "2575"]
[BlackElo "2432"]
[WhiteFideId "14102560"]
[BlackFideId "14116502"]
[EventDate "2023.07.11"]

1. d4 d5 2. c4 e6 3. Nc3 Nf6 4. Bg5 Be7 5. Nf3 Nbd7 6. e3 h6 7. Bh4 O-O 8. Qc2
c5 9. Rd1 Qa5 10. a3 dxc4 11. Bxc4 Nb6 12. Ba2 Bd7 13. O-O Rfc8 14. Bb1 Kf8 15.
Bxf6 Bxf6 16. Qh7 Ke7 17. dxc5 Qxc5 18. Ne4 Qh5 19. Nxf6 gxf6 20. Qd3 Bc6 21.
Qd6+ Ke8 22. Nd4 Qe5 23. Qb4 Bd7 24. Bd3 Rc5 25. Nf3 Qc7 26. Qh4 Ke7 27. e4 Bc6
28. Qxh6 Rg8 29. g3 Qc8 30. Rfe1 Rh8 31. Qd2 Ke8 32. Bf1 Rch5 33. h4 Nd7 34. Bg2
Qc7 35. b4 Rg8 36. Re3 a6 37. Nd4 Ba4 38. Rc1 Qd8 39. Rec3 Nb6 40. Qe3 Bd7 41.
Rc5 e5 42. Nf5 Bc6 43. Rxc6 bxc6 44. Rxc6 Nd7 45. Qa7 Rh7 46. Qb7 1-0

[Event "Astana Zhuldyzdary Open A"]
[Site "Astana KAZ"]
[Date "2023.07.17"]
[Round "9.3"]
[White "Alekseev, Evgeny"]
[Black "Igambergenov, Alibek"]
[Result "1-0"]
[WhiteTitle "GM"]
[BlackTitle "IM"]
[WhiteElo "2563"]
[BlackElo "2420"]
[WhiteFideId "4138147"]
[BlackFideId "13703404"]
[EventDate "2023.07.11"]

1. e4 e6 2. d4 d5 3. Nc3 Bb4 4. e5 c5 5. a3 Bxc3+ 6. bxc3 Nc6 7. Qg4 g6 8. h4 h6
9. h5 g5 10. f4 Qa5 11. Bd2 f5 12. Qg3 g4 13. c4 Qa4 14. dxc5 Nge7 15. Qb3 Qxb3
16. cxb3 Nd4 17. Rb1 dxc4 18. bxc4 Bd7 19. Kf2 Bc6 20. Ba5 Be4 21. Rb2 Rc8 22.
Ne2 Rxc5 23. Nxd4 Rxa5 24. Rb3 Nc6 25. Nb5 Ke7 26. Ke3 Rd8 27. Nd6 b6 28. Rg1
Ra4 29. Rc3 Rxd6 30. exd6+ Kxd6 31. Bd3 Bxd3 32. Rd1 Kc5 33. Rdxd3 Na5 34. Rd7
Nxc4+ 35. Ke2 b5 36. Rh7 a5 37. Kd3 Kd5 38. Rd7+ Kc6 39. Rd8 Kc5 40. Rh8 Kd5 41.
Rd8+ Kc5 42. g3 Kc6 43. Kd4 Kc7 44. Rh8 Kd6 45. Rd8+ Kc7 46. Ra8 Kd6 47. Ra6+
Ke7 48. Kc5 Nxa3 49. Ra7+ Kf6 50. Rd3 Nc4 51. Rdd7 Ne5 52. Rh7 Rc4+ 53. Kxb5
Rb4+ 54. Ka6 1-0

[Event "Astana Zhuldyzdary Open A"]
[Site "Astana KAZ"]
[Date "2023.07.17"]
[Round "9.4"]
[White "Ansat, Aldiyar"]
[Black "Muradli, Mahammad"]
[Result "1/2-1/2"]
[WhiteTitle "IM"]
[BlackTitle "GM"]
[WhiteElo "2400"]
[BlackElo "2546"]
[WhiteFideId "13715658"]
[BlackFideId "13409301"]
[EventDate "2023.07.11"]

1. e4 c5 2. Nf3 d6 3. d4 cxd4 4. Nxd4 Nf6 5. Nc3 a6 6. Be3 e5 7. Nf3 Qc7 8. a4
Be6 9. Ng5 Bd7 10. Nd5 Nxd5 11. exd5 Bf5 12. Qf3 Qd7 13. Bd3 g6 14. h4 h6 15.
Ne4 Bxe4 16. Qxe4 h5 17. O-O-O Bg7 18. Qb4 O-O 19. a5 f5 20. f3 Qe7 21. Bg5 Bf6
22. Bxf6 Rxf6 23. g4 fxg4 24. fxg4 Rf4 25. Qc3 Nd7 26. gxh5 e4 27. Rde1 Qf6 28.
Bxe4 Qxc3 29. bxc3 gxh5 30. Rhg1+ Kf8 31. Bg6 Ne5 32. Bxh5 Rc8 33. Rg3 Rc5 34.
Reg1 Rxd5 35. Rg8+ Ke7 36. Re8+ Kd7 37. Rg7+ Kc6 38. Rc8+ Kb5 39. c4+ Nxc4 40.
Be2 Rc5 41. Rxb7+ Kxa5 42. Rxc5+ dxc5 43. h5 Rh4 44. Bxc4 Rxc4 45. h6 Rh4 46. h7
Ka4 47. Kd2 a5 48. Ke3 c4 49. Kf3 c3 50. Kg3 Rh1 51. Kf4 Ka3 52. Kf5 a4 53. Kg6
Ka2 54. Rb5 a3 55. Rh5 Rxh5 56. Kxh5 Kb2 57. h8=Q a2 58. Qb8+ Kxc2 59. Qa7 Kb2
60. Qb6+ Kc2 61. Qa5 Kb2 62. Qb4+ Kc2 63. Qa3 Kb1 64. Qb3+ Ka1 65. Qc2 1/2-1/2

[Event "Astana Zhuldyzdary Open A"]
[Site "Astana KAZ"]
[Date "2023.07.17"]
[Round "9.5"]
[White "Rakhmanov, Aleksandr"]
[Black "Suleymenov, Alisher"]
[Result "1-0"]
[WhiteTitle "GM"]
[BlackTitle "IM"]
[WhiteElo "2620"]
[BlackElo "2499"]
[WhiteFideId "4173708"]
[BlackFideId "13707833"]
[EventDate "2023.07.11"]

1. d4 Nf6 2. Nf3 g6 3. g3 Bg7 4. Bg2 O-O 5. O-O d5 6. c4 c6 7. Qa4 dxc4 8. Qxc4
Bf5 9. Nc3 Nbd7 10. Re1 Ne4 11. Qb3 Qb6 12. Nh4 Nxc3 13. bxc3 Be6 14. Qa3 Rfe8
15. Nf3 Bg4 16. Be3 Qc7 17. h3 Bf5 18. Nh4 Be6 19. Bf4 Qc8 20. e4 Bc4 21. Qc1 e5
22. Bh6 Qd8 23. Bxg7 Kxg7 24. f4 exf4 25. Qxf4 Nf6 26. Kh2 Nh5 27. Qf2 Kg8 28.
Re3 Qc7 29. Nf3 f6 30. Nd2 Ba6 31. Rae1 Rf8 32. Rf3 Rae8 33. Kg1 Ng7 34. g4 Ne6
35. Ree3 Qd8 36. h4 c5 37. d5 Ng7 38. Qg3 Qe7 39. h5 Rd8 40. e5 fxe5 41. Rxe5
Rxf3 42. Bxf3 Qf8 43. h6 Ne8 44. g5 Bd3 45. d6 Bf5 46. Bd5+ Kh8 47. c4 Rxd6 48.
Rxe8 1-0

[Event "Astana Zhuldyzdary Open A"]
[Site "Astana KAZ"]
[Date "2023.07.17"]
[Round "9.6"]
[White "Ohanyan, Emin"]
[Black "Kovalev, Vladislav"]
[Result "1-0"]
[WhiteTitle "IM"]
[BlackTitle "GM"]
[WhiteElo "2489"]
[BlackElo "2603"]
[WhiteFideId "13312022"]
[BlackFideId "13504398"]
[EventDate "2023.07.11"]

1. d4 Nf6 2. c4 e6 3. Nf3 b6 4. g3 Ba6 5. b3 Bb4+ 6. Bd2 Be7 7. Nc3 d5 8. cxd5
exd5 9. Bg2 O-O 10. O-O Bb7 11. Ne5 Nbd7 12. a4 Ne4 13. a5 Nxe5 14. dxe5 Nxd2
15. Qxd2 c6 16. a6 Bc8 17. f4 Re8 18. Kh1 Bf8 19. Rfd1 Be6 20. Qc2 h6 21. e4 d4
22. f5 Bc8 23. Ne2 Rxe5 24. Qxc6 Bd7 25. Qc4 Qe8 26. Nxd4 Rc8 27. Qd3 Bc5 28.
Rac1 Ba3 29. Rc4 b5 30. Rc2 Bf8 31. Rdc1 Rd8 32. Qe2 Ba3 33. Re1 Bb4 34. Rd1 Rc8
35. Qd3 Bf8 36. Re2 b4 37. Rc2 Rxc2 38. Qxc2 Rc5 39. Qf2 Rc3 40. Re1 Qe5 41. Qd2
Bc8 42. Nf3 Qc7 43. f6 gxf6 44. Nd4 Qd8 45. Qd1 Kh8 46. Bf1 Qb6 47. Bc4 Bxa6 48.
Bxf7 Qc7 49. Bd5 Bg7 50. Nf5 Bc8 51. Qh5 Kh7 52. Qe8 Qd7 53. Qg8+ Kg6 54. Bf7+ 1-0

[Event "Astana Zhuldyzdary Open A"]
[Site "Astana KAZ"]
[Date "2023.07.17"]
[Round "9.7"]
[White "Bernadskiy, Vitaliy"]
[Black "Stribuk, Artiom"]
[Result "1/2-1/2"]
[WhiteTitle "GM"]
[BlackTitle "FM"]
[WhiteElo "2545"]
[BlackElo "2408"]
[WhiteFideId "14100371"]
[BlackFideId "13515659"]
[EventDate "2023.07.11"]

1. d4 Nf6 2. Bg5 d5 3. Nd2 c5 4. dxc5 e6 5. e4 Bxc5 6. Qe2 h6 7. Bh4 Nc6 8. e5
g5 9. Bg3 Nd4 10. Qd1 Ne4 11. Nxe4 dxe4 12. c3 Nf5 13. Qa4+ Bd7 14. Bb5 a6 15.
Bxd7+ Qxd7 16. Qxd7+ Kxd7 17. f3 Bxg1 18. Rxg1 exf3 19. gxf3 Kc6 20. Rd1 Rhd8
21. Ke2 b5 22. b3 Rac8 23. Rxd8 Rxd8 24. Rc1 Rd5 25. f4 g4 26. Bf2 h5 27. c4
bxc4 28. Rxc4+ Kb7 29. a4 h4 30. Rb4+ Kc7 31. Rc4+ Kb7 32. Rb4+ Kc7 33. a5 h3
34. Bg1 g3 35. Rc4+ Kd7 36. b4 gxh2 37. Bxh2 Rd4 38. Rc3 Rxb4 39. Rxh3 Ra4 40.
Rh7 Ke7 41. Bg1 Rxa5 42. Rh8 Rb5 43. Ra8 a5 44. Bf2 Kd7 45. Ra7+ Ke8 46. Ra8+
Kd7 47. Ra7+ Ke8 48. Ra8+ 1/2-1/2